=LDR 00000nam 2200000 4500 =001 NUTBA000000000005691 =005 20141105142816.0 =006 =007 =008 =020 ##$$a 978-979-050-262-8 =035 ##$$a 0010-111400000000170 =040 ##$$a NBPDMAT =082 ##$$a R.912 598 11 =090 ##$$a R.912.598 11 $b Mah a =100 ##$$a Mahyuzar =245 ##$$a Atlas tematik provinsi Nanggroe Aceh Darussalam / $c penyusun Mahyuzar =250 ##$$a Cet.1 =260 ##$$a Jakarta : $b Bina Sumber Daya Mipa, $c 2010 =300 ##$$a 72 hlm. : $b ilus. ; $c 29 cm. =650 ##$$a Atlas Tematik Naggroe Aceh Darussalam =850 ##$$a NBPDMAT